000
00311nam a22001457a 4500
008
210311b ||||| |||| 00| 0 eng d
020
_a
9780134210223
041
_a
eng
080
_2
5th
_a
311
082
_2
5th
_a
311
100
_a
54
101
_a
STA
245
_a
Intro Stats
_c
Devaux,D.R
942
_2
udc
_c
BK
999
_c
56302
_d
56302